Cosmopolitan Elites (Registro nro. 326240)

Detalles MARC
000 -ENCABEZADO
Número de control [NR] 01300nam a22002537a 4500
005 - FECHA Y HORA DE LA ÚLTIMA TRANSACCIÓN
control field 20260409155302.0
008 - DE LONGITUD FIJA DE DATOS DE ELEMENTOS - INFORMACIÓN GENERAL
Elementos de longitud fija [NR] 260409e2023 ||||| |||| 00| 0 eng d
020 ## - NUMERO INTERNACIONAL NORMALIZADO PARA LIBROS [R]
Número Internacional Normalizado del libro [NR] 9780198874928
040 ## - FUENTE DE CATALOGACION [NR]
Agencia de catalogación original [NR] CO-BoUCM
Idioma de catalogación [NR] spa
Quien Cataloga Sandra Palacio
Quien Clasifica Sandra Palacio
041 0# - CODIGO DE IDIOMA [R]
Código de idioma para texto/pista de sonido o título separado [R] Inglés
100 ## - ASIENTO PRINCIPAL--NOMBRE PERSONAL [NR]
Nombre personal [NR] Huju, Kira
ID Autoridad 188573
245 ## - MENCION DE TITULO [NR]
Título [NR] Cosmopolitan Elites
Parte restante del título [NR] Indian Diplomats and the Social Hierarchies of Global
Mención de responsabilidad, etc. [NR] Kira Huju
260 ## - PUBLICACION, DISTRIBUCION, ETC. (PIE DE IMPRENTA) [R]
Lugar de publicación, distribución, etc. [R] Oxford, Reino Unido
Nombre del editor, distribuidor, etc. [R] Oxford University Press
Fecha de publicación, distribución, etc. [R] 2023
300 ## - DESCRIPCION FISICA [R]
Extensión [R] ix, 321 páginas
504 ## - NOTA DE BIBLIOGRAFIA, ETC. [R]
Nota de bibliografía, etc. [NR] Incluye referencias bibliográficas e índices
520 ## - NOTA DE RESUMEN, ETC. [R]
Nota de sumario, etc. [NR] Analiza el nacimiento, la vida cotidiana y la fractura de un orden global dominado por Occidente desde sus márgenes. Ofrece un examen sociológico de la élite del Servicio Exterior de la India, explorando cómo los diplomáticos intentan rehacer el servicio bajo una visión subalterna poscolonial mientras enfrentan jerarquías sociales de casta y clase.
650 #4 - ASIENTO SECUNDARIO DE MATERIA - TERMINO TEMATICO [R]
Término temático o nombre geográfico como elemento de entrada [NR] Relaciones internacionales
Subdivisión geográfica [R] India
9 (RLIN) 188574
650 #4 - ASIENTO SECUNDARIO DE MATERIA - TERMINO TEMATICO [R]
Término temático o nombre geográfico como elemento de entrada [NR] Diplomáticos
Subdivisión general [R] Aspectos sociales
Subdivisión geográfica [R] India
9 (RLIN) 188575
650 #4 - ASIENTO SECUNDARIO DE MATERIA - TERMINO TEMATICO [R]
Término temático o nombre geográfico como elemento de entrada [NR] Elites (Ciencias sociales)
Subdivisión geográfica [R] India
9 (RLIN) 188576
650 #4 - ASIENTO SECUNDARIO DE MATERIA - TERMINO TEMATICO [R]
Término temático o nombre geográfico como elemento de entrada [NR] Sociología política
9 (RLIN) 24810
651 #4 - ASIENTO SECUNDARIO DE MATERIA - NOMBRE GEOGRAFICO [R]
Nombre geográfico [NR] India
Subdivisión general [R] Relaciones exteriores
9 (RLIN) 51513
942 ## - ELEMENTOS DE ENTRADA AGREGADOS (KOHA)
Sistema de clasificación DEWEY
Tema principal Ciencia política
Tipo de ítem principal el descrito en 300a Libro
Edición 1
Clasificación 327.54
Parte restante de la signatura top. H911c
Existencias
Fecha de último préstamo Total préstamos Signatura topográfica Código de barras Última vez visto Ejemplar Price effective from Tipo de ítem Perdido Sistema de clasificación Dañado No prestable Tipo de ítem específico Suprimido Ubicación habitual Ubicación actual Localización Fecha de creación Forma de adquisición Costo
15/04/2026 1 327.54 H911c 100175095 05/05/2026 Ej.1 09/04/2026 Libro   DEWEY     Libro   Claustro Claustro 3er piso 09/04/2026 Compra 299640.00